Szczegóły MARC21

Wirklichkeit als Herausforderung des Wortes : Engagement, poetologische Reflexion und dichterische Kommunikation bei Marie Luise Kaschnitz /

003 -Nazwa inst., której nr kontr. jest w polu 001 [,]
    • @
    • Nazwa instytucji, której n kontrolny jest w polu 001
    • NUKAT
005 -DATA I CZAS OSTATNIEJ MODYFIKACJI [,]
    • @
    • pole kontrolne
    • 20241231103336.0
020 -Międzynarod. znormalizowany nr książki - ISBN [ , ]
    • a
    • Numer ISBN
    • 3631482159 Find
040 -Instytucja sporządzająca opis [ , ]
    • a
    • Instytucja, która sporządziła opis (NP)
    • SZCZ U/AB
    • b
    • Język katalogowania
    • pol
    • e
    • Zasady katalogowania
    • rda
    • c
    • Instytucja, która sporządziła rekord (NP)
    • SZCZ U/ABs
942 -Rodzaj dokumentu [ , ]
    • c
    • Rodzaj dokumentu
    • Książka
100 -Hasło główne - nazwa osobowa [1, ]
    • a
    • Nazwa osobowa (NP)
    • Østbø, Johannes
    • d
    • Daty biograficzne (NP)
    • (1935- ).
    • e
    • Rodzaj współpracy
    • Autor
    • 9
    • KHW
    • 645911
245 -Strefa tytułu i oznaczenia odpowiedzialności [1,0]
    • a
    • Tytuł
    • Wirklichkeit als Herausforderung des Wortes : Find
    • b
    • Ciąg dalszy tytułu (NP)
    • Engagement, poetologische Reflexion und dichterische Kommunikation bei Marie Luise Kaschnitz / Find
    • c
    • Pozostałe elementy strefy tytułu i oznaczenia odpowiedzialności (NP)
    • Johannes Östbö.
246 -Wariant tytułu [1,8]
    • a
    • Tytuł (NP)
    • Wirklichkeit als Herausforderung des Wortes bei Marie Luise Kaschnitz
260 -Strefa adresu wydawniczego [ , ]
    • a
    • Miejsce wydania (P)
    • Frankfurt am Main [i pozostałe] :
    • b
    • Nazwa wydawcy (P)
    • Peter Lang Europäischer Verlag der Wissenschaften,
    • c
    • Data wydania (P)
    • 1996.
300 -Strefa opisu fizycznego [ , ]
    • a
    • Określenie formy książki i/lub objętość (NP)
    • 215 stron ;
    • c
    • Format (NP)
    • 21 cm.
336 -Typ zawartości [ , ]
    • a
    • Termin opisujący typ zawartości
    • Tekst
    • b
    • Kod określający zawartość
    • txt
    • 2
    • Źródło (terminu i kodu)
    • rdacontent
337 -Typ mediów [ , ]
    • a
    • Tryb odtwarzania
    • Bez urządzenia pośredniczącego
    • b
    • Kod typu mediów
    • n
    • 2
    • Źródło (terminu i kodu)
    • rdamedia
338 -Typ/rodzaj nośnika [ , ]
    • a
    • Hasło opisujące typ nośnika
    • Wolumin
    • b
    • Kod typu nośnika
    • nc
    • 2
    • Źródło (terminu i kodu)
    • rdacarrier
490 -Strefa serii i książki wielotomowej - forma nie do wyszukiwania [1, ]
    • a
    • Tytuł (P)
    • Osloer Beitrage zur Germanistik, Find
    • x
    • ISSN (NP)
    • 0801-0781 ;
    • v
    • Numeracja (P)
    • Bd. 17
830 -Hasło dodatkowe serii i opisu książki wielotomowej - tytuł ujednolicony/tytuł [ ,0]
    • a
    • Tytuł ujednolicony/tytuł (NP)
    • Osloer Beitrage zur Germanistik
    • x
    • ISSN
    • 0801-0781
    • v
    • Oznaczenie tomu (NP)
    • Bd. 17
    • 9
    • KHW
    • 476887
504 -Uwaga dot. bibliogr. załącznikowej [ , ]
    • a
    • Uwaga dot. bibliografii załącznikowej
    • Bibliografia na stronach 213-215.
080 -Uniwersalna Klasyfikacja Dziesiętna [ , ]
    • a
    • Symbol klasyfikacji
    • 830(091)-1"19"Kaschnitz M.L.=30
080 -Uniwersalna Klasyfikacja Dziesiętna [ , ]
    • a
    • Symbol klasyfikacji
    • :82.03=30
080 -Uniwersalna Klasyfikacja Dziesiętna [ , ]
    • a
    • Symbol klasyfikacji
    • :82.091=30
600 -Hasło przedmiotowe w formie nazwy osobowej [1,7]
    • a
    • Nazwa osobowa
    • Kaschnitz, Marie Luise
    • d
    • Daty związane z nazwą
    • (1901-1974)
    • x
    • Określnik rzeczowy
    • krytyka i interpretacja.
    • 2
    • Źródło terminu
    • kaba
    • 9
    • KHW
    • 640622
600 -Hasło przedmiotowe w formie nazwy osobowej [1,7]
    • a
    • Nazwa osobowa
    • Kaschnitz, Marie Luise
    • d
    • Daty związane z nazwą
    • (1901-1974)
    • x
    • Określnik rzeczowy
    • estetyka.
    • 2
    • Źródło terminu
    • kaba
    • 9
    • KHW
    • 645975
650 -Hasło przedmiotowe [ ,7]
    • a
    • Hasło przedmiotowe
    • Rzeczywistość
    • x
    • Określnik rzeczowy
    • w literaturze.
    • 2
    • Źródło terminu
    • kaba
    • 9
    • KHW
    • 162964
980 -Symbol UKD [ , ]
    • a
    • UKD
    • 830(091)-1"19"Kaschnitz M.L.:82.03:82.091]=30
710 -Hasło dodatkowe - nazwa ciała zbiorowego [2, ]
    • a
    • Nazwa ciała zbiorowego lub nazwa geograficzna jako pierwszy element (NP)
    • Verlag Peter Lang.
    • e
    • Rodzaj współpracy
    • Wydawca
    • 4
    • Kod relacji
    • pbl
    • 9
    • KHW
    • 613284
920 -ISBN [ , ]
    • a
    • ISBN
    • 3-631-48215-9 Find
Sygnatura Data inwentaryzacji Lokalizacja Status udost. Numer inwentarzowy
Germ. Literaturozn.-Kaschnitz 012002-03-11BM-3G.16276